Contre quel pays Griezmann a t'il marqué ? - Statistiques

Statistiques générales
  • Ce quiz a été pris 402 fois
  • Le résultat moyen est 12 sur 24
Statistiques - réponses
Nombre de buts Pays % Correct
4 Allemagne
94%
1 Argentine
88%
3 Croatie
84%
1 Italie
80%
3 Pays bas
77%
1 Australie
72%
2 Irlande
70%
1 Uruguay
70%
2 Islande
62%
1 Ukraine
53%
1 Hongrie
50%
1 Luxembourg
50%
3 Albanie
48%
2 Finlande
46%
2 Bulgarie
35%
1 Kazakhstan
33%
2 Pays de Galles
32%
2 Bosnie-Herzégovine
31%
1 Biélorussie
26%
2 Paraguay
26%
1 Moldavie
24%
2 Jamaïque
20%
1 Bolivie
15%
2 Arménie
13%
Aucun quiz correspondant
Distribution des résultats
% des personnes avec chaque résultat
Percentile par nombre de réponses
Votre historique - résultats
Vous n’avez pas pris ce quiz